• 首页
  • 本馆介绍
  • 公告通知
  • 最新文献
  • 馆藏检索
  • 电子资源
  • 读者导购
  • 参考咨询
  • 我的图书馆
  • 登录
  • 详细信息显示
  • 放入我的书架
  • 预约/预借图书
  • 作者相关作品
  • 分类相关作品
  • 丛书相关作品
  • 出版社相关作品

书目信息

  • 表格格式
  • 工作单格式
  • 卡片格式
题名:
多媒体技术与应用
    
 
作者: 叶绿 编著
分册:  
出版信息: 杭州   浙江大学出版社  2004
页数: 310页
开本: 26cm
丛书名:
单 册:
中图分类: TP37
科图分类:
主题词: 多媒体--技术 , 多媒体
电子资源:
ISBN: 7-308-03959-5
000 00742nam0 2200241 450
001 012007686207
005 20070517100524.14
010    @a7-308-03959-5@dCNY28.00
100    @a20070512d2004 km y0chiy0120 ea
101 0  @achi
102    @aCN@b330000
105    @ay z 000yy
106    @ar
200 1  @a多媒体技术与应用@Aduo mei ti ji shu yu ying yong@f叶绿编著@Fye lu bian zhu
210    @a杭州@c浙江大学出版社@d2004
215    @a310页@d26cm
330    @a本书主要是针对数字图像处理方法、数字图像识别技术、多媒体关键技术压缩编码,以及介绍在相关应用领域中多媒体应用技术的书籍。
606 0  @a多媒体@x技术
606 0  @a多媒体
690    @aTP37@v4
701  0 @a叶绿@Aye lu@4编著
801  0 @aCN@bRULIN@c20070517
905    @dTP37@e16@s5
    
    多媒体技术与应用/叶绿编著.-杭州:浙江大学出版社,2004
    310页;26cm
    
    
    ISBN 7-308-03959-5:CNY28.00
    本书主要是针对数字图像处理方法、数字图像识别技术、多媒体关键技术压缩编码,以及介绍在相关应用领域中多媒体应用技术的书籍。
●
相关链接 在E读中查询图书 在五车中查询图书 在当当中查询图书 在豆瓣中查询图书


正题名:多媒体技术与应用     索取号:TP37/16         预约/预借

序号 登录号 条形码 馆藏地/架位号 状态 备注
1 0573155   205731555   第二样本阅览室/ [索取号:TP37/16] 在馆    
2 0573156   205731564   第三借阅区/ [索取号:TP37/16] 在馆    
3 0573157   205731573   第三借阅区/ [索取号:TP37/16] 在馆    
4 0573158   205731582   第三借阅区/ [索取号:TP37/16] 在馆    
5 0573159   205731591   第三借阅区/ [索取号:TP37/16] 在馆    
唐山师范学院图书馆 欢迎您!
大连网信软件有限公司© 版权所有